LEADER 01225nam--2200409---450- 001 990003244380203316 005 20090513171634.0 010 $a978-88-40838-8 035 $a000324438 035 $aUSA01000324438 035 $a(ALEPH)000324438USA01 035 $a000324438 100 $a20090513h2008----km-y0itay50------ba 101 1 $aita$cfre 102 $aIT 105 $a||||||||001yy 200 1 $aMusei e museologia$fDominique Poulot 210 $aMilano$cJaca Book$d2008 215 $a124 p.$d23 cm 225 2 $aMuseo e Beni culturali$v838 300 $aTrad. dal francese di Adriana Crespi Bortolini 410 0$12001$aMuseo e Beni culturali$v, 838 454 1$12001$aMusée et muséologie$923877 606 0 $aMusei$xStoria$2BNCF 676 $a870.9004 700 1$aPOULOT,$bDominique$0604147 702 1$aCRESPI BORTOLINI,$bAdriana 801 0$aIT$bsalbc$gISBD 912 $a990003244380203316 951 $aXII.3.D. 120$b212728 L.M.$cXII.3.$d00189603 959 $aBK 969 $aUMA 979 $aPAOLA$b90$c20090513$lUSA01$h1712 979 $aPAOLA$b90$c20090513$lUSA01$h1716 979 $aPAOLA$b90$c20090513$lUSA01$h1716 996 $aMusée et muséologie$923877 997 $aUNISA LEADER 01142nam 2200409 450 001 9910466212803321 005 20200520144314.0 010 $a1-78720-413-8 035 $a(CKB)3710000001152704 035 $a(MiAaPQ)EBC4837925 035 $a(Au-PeEL)EBL4837925 035 $a(CaPaEBR)ebr11371248 035 $a(OCoLC)983739957 035 $a(EXLCZ)993710000001152704 100 $a20190119d2017 uy 0 101 0 $aeng 135 $aurcnu|||||||| 181 $ctxt$2rdacontent 182 $cc$2rdamedia 183 $acr$2rdacarrier 200 14$aThe twelve Olympians $egods and goddesses of Greece /$fDr. Charles T. Seltman 210 1$aSan Francisco :$cMuriwai Books,$d2017. 215 $a1 online resource (164 pages) 606 $aGoddesses, Greek 606 $aGods, Greek 608 $aElectronic books. 615 0$aGoddesses, Greek. 615 0$aGods, Greek. 676 $a292.2114 700 $aSeltman$b Charles T.$0874319 801 0$bMiAaPQ 801 1$bMiAaPQ 801 2$bMiAaPQ 906 $aBOOK 912 $a9910466212803321 996 $aThe twelve Olympians$91952205 997 $aUNINA LEADER 04509nam 22007455 450 001 9910523775903321 005 20251202151727.0 010 $a9783030861223$b(electronic bk.) 010 $z9783030861216 024 7 $a10.1007/978-3-030-86122-3 035 $a(MiAaPQ)EBC6838746 035 $a(Au-PeEL)EBL6838746 035 $a(CKB)20275204000041 035 $a(OCoLC)1292356042 035 $a(BIP)82727902 035 $a(BIP)81150662 035 $a(DE-He213)978-3-030-86122-3 035 $a(EXLCZ)9920275204000041 100 $a20211217d2022 u| 0 101 0 $aeng 135 $aurcnu|||||||| 181 $ctxt$2rdacontent 182 $cc$2rdamedia 183 $acr$2rdacarrier 200 10$aChina and the Belt and Road Initiative $eTrade Relationships, Business Opportunities and Political Impacts /$fedited by Young-Chan Kim 205 $a1st ed. 2022. 210 1$aCham :$cSpringer International Publishing :$cImprint: Springer,$d2022. 215 $a1 online resource (325 pages) 225 1 $aUnderstanding China,$x2196-3142 311 08$aPrint version: Kim, Young-Chan China and the Belt and Road Initiative Cham : Springer International Publishing AG,c2021 9783030861216 327 $aIntroduction -- Section 1: Theoretical overview of China and BRI relations -- Narrating Models of Development - China and the EU between ?Strategic Modernizer? and ?Rules-based Transformer? -- Challenges and Opportunities in the EU-China Trade Relations -- From ?International Relations? to ?Global Foreign Policy? ? examining the new framework of Chinese strategic relations through the BRI -- Section 2: BRI collaboration through the business sector -- In Fear of the Trojan Horse? China?s Cross-Border Acquisitions in Europe amid the One-Belt-One-Road Initiative -- Unwary dreams, rude awakenings: BRI in the developing world and emerging Europe -- Towards a Win-Win EU-China Bilateral Investment Treaty: Challenges and Prospects -- Section 3: Country case studies -- Russia?China Collaboration Under Pressure From the West: The Russian Perspective -- EU?China ? failed prospects of win-win partnership -- On the role of the Belt & Road Initiative and the 17+1 cooperation within the Sino-European relation -- A test-case for Europe: Sino-Italian relations in the ?Old? and ?New? Cold War -- Commercial relations between Italy and China from the past to the future. . 330 $aThis book offers critical insights into the China-led Belt and Road Initiative (BRI) from an EU perspective. It analyzes the political, cultural, and diplomatic effectiveness of Xi's efforts to expand socio-cultural ties and build new trade corridors between Europe and the Far East, and sheds light on the lasting success and influence of China-led economic programs. The book is divided into three parts. The first part provides an overview of the various dimensions of the BRI initiative, including the challenges and opportunities of the EU-China trade relationship, China's geopolitical interests, and foreign policy approaches. The second part analyzes BRI cooperation from the perspective of the business sector, while the third part presents case studies that examine the impacts and responses of various European countries to the BRI. 410 0$aUnderstanding China,$x2196-3142 606 $aInternational trade 606 $aAsia$xPolitics and government 606 $aInternational business enterprises 606 $aAsia$xEconomic conditions 606 $aEurope$xPolitics and government 606 $aInternational relations 606 $aInternational Trade 606 $aAsian Politics 606 $aInternational Business 606 $aAsian Economics 606 $aEuropean Politics 606 $aForeign Policy 615 0$aInternational trade. 615 0$aAsia$xPolitics and government. 615 0$aInternational business enterprises. 615 0$aAsia$xEconomic conditions. 615 0$aEurope$xPolitics and government. 615 0$aInternational relations. 615 14$aInternational Trade. 615 24$aAsian Politics. 615 24$aInternational Business. 615 24$aAsian Economics. 615 24$aEuropean Politics. 615 24$aForeign Policy. 676 $a330.951 702 $aKim$b Young-Chan 801 0$bMiAaPQ 801 1$bMiAaPQ 801 2$bMiAaPQ 912 $a9910523775903321 996 $aChina and the Belt and Road Initiative$92591494 997 $aUNINA